| 000 | 00000nam##2200000za#4500 |
| 001 | 9.642828 |
| 003 | CaOODSP |
| 005 | 20210624223904 |
| 007 | cr ||||||||||| |
| 008 | 150407|2012||||xxc|||||o f|0| 0 fre|d |
| 040 | |aCaOODSP|bfre |
| 043 | |an-cn--- |
| 086 | 1 |aH14-133/2012F-PDF |
| 110 | 1 |aCanada. |bSanté Canada. |
| 245 | 10|aProgramme des établissements de santé et immobilisations : |h[ressource électronique]|bévaluation du groupe, rapport final |
| 260 | |aOttawa - Ontario : |bSanté Canada |cMars 2012. |
| 300 | |a45p.|btableaux |
| 590 | |a14-04-Supp|b2014-02-05 |
| 775 | 08|tHealth Facilities and Capital Program : |w(CaOODSP)9.698826 |
| 856 | 40|ahttp://publications.gc.ca|qPDF|s215 Ko|uhttps://publications.gc.ca/collections/collection_2014/sc-hc/H14-133-2012-fra.pdf |